Posudzovanie UML modelov

Salvato in:
Dettagli Bibliografici
Autore principale: Melicherík, Patrik (Autore)
Altri autori: Rástočný, Karol (Relatore della tesi)
Natura: Manoscritto Libro
Lingua:slovacco
Pubblicazione: 2018
Soggetti:
Accesso online:http://is.stuba.sk/zp/portal_zp.pl?podrobnosti=115610
Tags: Aggiungi Tag
Nessun Tag, puoi essere il primo ad aggiungerne!!

MARC

LEADER 00000ntm a22000003a 4500
001 stuzp70289
003 SK-STU
005 20190208162619.3
007 ta
008 150427s2015----xo-----f-mn---000-0-slo-d
040 |a STU  |b slo 
041 0 |a slo 
044 |a xo 
100 1 |a Melicherík, Patrik  |u 070200  |4 aut  |U FIIT Fakulta informatiky a informačných technológií  |T FIIT Ústav informatiky, informačných systémov a softvérového inžinierstva  |X 74094  |U I200  |Y 179  |7 74094 
242 0 1 |a Reviewing UML models  |y eng 
245 1 0 |a Posudzovanie UML modelov 
260 |c 2018 
300 |a 38 s., príl. 
650 4 |a posudzovanie modelov  |2 slo 
650 4 |a nástroj pre podporu posudzovania modelov  |2 slo 
650 4 |a UML notácia  |2 slo 
650 4 |a Enterprise Architect  |2 slo 
650 4 |a komentáre  |2 slo 
650 4 |a tool supporting model reviews  |2 eng 
650 4 |a Third Party Add-in  |2 eng 
650 4 |a Model reviews  |2 eng 
650 4 |a UML notation  |2 eng 
650 4 |a comments  |2 eng 
650 4 |a Enterprise Architect  |2 eng 
700 1 |a Rástočný, Karol  |u 070200  |k Z1  |4 ths  |U FIIT Fakulta informatiky a informačných technológií  |T FIIT Ústav informatiky, informačných systémov a softvérového inžinierstva  |X 36279  |U I200  |Y 179  |7 36279 
856 4 |u http://is.stuba.sk/zp/portal_zp.pl?podrobnosti=115610 
996 |b IZP20180057  |c I*BAP53/18  |l II680  |s P  |a 0  |w stuzp70289_0001